Visualizzazione normale
Vista MARC
- Cabrera Montero, Juan Antonio
di Personal Name
Records bibliografici associati: 1
001 - CONTROL NUMBER
- control field: 70947
003 - CONTROL NUMBER IDENTIFIER
- control field: IT-RoINE
005 - DATE AND TIME OF LATEST TRANSACTION
- control field: 20220301102541.0
008 - FIXED-LENGTH DATA ELEMENTS
- fixed length control field: 220301|| aca||aabn | a|a d
040 ## - CATALOGING SOURCE
- Original cataloging agency: IT-RoINE
- Transcribing agency: IT-RoINE
100 ## - HEADING--PERSONAL NAME
- Personal name: Cabrera Montero, Juan Antonio
670 ## - SOURCE DATA FOUND
- Source citation: Work cat.: (IT-RoINE)0: Julián, Santo, Arzobispo de Toledo, 642-690 9295, Apologético /, 2021.